<?xml version="1.0" encoding="UTF-8"?>
<record
    xmlns:xsi="http://www.w3.org/2001/XMLSchema-instance"
    xsi:schemaLocation="http://www.loc.gov/MARC21/slim http://www.loc.gov/standards/marcxml/schema/MARC21slim.xsd"
    xmlns="http://www.loc.gov/MARC21/slim">

  <leader>00581nam a22001937a 4500</leader>
  <controlfield tag="005">20251001113647.0</controlfield>
  <datafield tag="020" ind1=" " ind2=" ">
    <subfield code="a">9789966031297</subfield>
    <subfield code="c">TZS 113,250/=</subfield>
  </datafield>
  <datafield tag="040" ind1=" " ind2=" ">
    <subfield code="a">MCCL</subfield>
    <subfield code="b">eng.</subfield>
    <subfield code="e">AACR 2nd rev. ed.</subfield>
  </datafield>
  <datafield tag="082" ind1=" " ind2=" ">
    <subfield code="a">346.678046 FIM</subfield>
  </datafield>
  <datafield tag="100" ind1=" " ind2=" ">
    <subfield code="a">Fimbo, Gamaliel Mgongo</subfield>
  </datafield>
  <datafield tag="245" ind1=" " ind2=" ">
    <subfield code="a">The  land law in Tanzania: a case book</subfield>
    <subfield code="c">/Gamaliel Mgongo Fimbo </subfield>
  </datafield>
  <datafield tag="260" ind1=" " ind2=" ">
    <subfield code="a">Dar es salaam :</subfield>
    <subfield code="b">LawAfrica Publishing (T) ltd ,</subfield>
    <subfield code="c">c2016.</subfield>
  </datafield>
  <datafield tag="300" ind1=" " ind2=" ">
    <subfield code="a">xxiii, 621 p. :</subfield>
    <subfield code="c">29 cm.</subfield>
  </datafield>
  <datafield tag="546" ind1=" " ind2=" ">
    <subfield code="a">eng.</subfield>
  </datafield>
  <datafield tag="650" ind1=" " ind2=" ">
    <subfield code="a">Land Law</subfield>
    <subfield code="b">Tanzania</subfield>
  </datafield>
  <datafield tag="650" ind1=" " ind2=" ">
    <subfield code="a">Customary law</subfield>
  </datafield>
  <datafield tag="700" ind1=" " ind2=" ">
    <subfield code="a">Fimbo, Gamaliel Mgongo</subfield>
  </datafield>
  <datafield tag="942" ind1=" " ind2=" ">
    <subfield code="c">BK</subfield>
  </datafield>
  <datafield tag="999" ind1=" " ind2=" ">
    <subfield code="c">11506</subfield>
    <subfield code="d">11506</subfield>
  </datafield>
  <datafield tag="952" ind1=" " ind2=" ">
    <subfield code="0">0</subfield>
    <subfield code="1">0</subfield>
    <subfield code="4">0</subfield>
    <subfield code="7">0</subfield>
    <subfield code="a">MU002</subfield>
    <subfield code="b">MU002</subfield>
    <subfield code="d">2017-11-01</subfield>
    <subfield code="l">0</subfield>
    <subfield code="o">346.678046 FIM</subfield>
    <subfield code="p">002427</subfield>
    <subfield code="r">2025-10-01 11:38:06</subfield>
    <subfield code="t">1</subfield>
    <subfield code="w">2025-10-01</subfield>
    <subfield code="y">BK</subfield>
  </datafield>
  <datafield tag="952" ind1=" " ind2=" ">
    <subfield code="0">0</subfield>
    <subfield code="1">0</subfield>
    <subfield code="4">0</subfield>
    <subfield code="7">0</subfield>
    <subfield code="a">MU002</subfield>
    <subfield code="b">MU002</subfield>
    <subfield code="d">2017-11-01</subfield>
    <subfield code="l">0</subfield>
    <subfield code="o">346.678046 FIM</subfield>
    <subfield code="p">002428</subfield>
    <subfield code="r">2025-10-01 11:38:06</subfield>
    <subfield code="t">2</subfield>
    <subfield code="w">2025-10-01</subfield>
    <subfield code="y">BK</subfield>
  </datafield>
  <datafield tag="952" ind1=" " ind2=" ">
    <subfield code="0">0</subfield>
    <subfield code="1">0</subfield>
    <subfield code="4">0</subfield>
    <subfield code="7">0</subfield>
    <subfield code="a">MU002</subfield>
    <subfield code="b">MU002</subfield>
    <subfield code="d">2017-11-01</subfield>
    <subfield code="l">0</subfield>
    <subfield code="o">346.678046 FIM</subfield>
    <subfield code="p">002429</subfield>
    <subfield code="r">2025-10-01 11:38:06</subfield>
    <subfield code="t">3</subfield>
    <subfield code="w">2025-10-01</subfield>
    <subfield code="y">BK</subfield>
  </datafield>
  <datafield tag="952" ind1=" " ind2=" ">
    <subfield code="0">0</subfield>
    <subfield code="1">0</subfield>
    <subfield code="4">0</subfield>
    <subfield code="7">0</subfield>
    <subfield code="a">MU002</subfield>
    <subfield code="b">MU002</subfield>
    <subfield code="d">2017-11-01</subfield>
    <subfield code="l">0</subfield>
    <subfield code="o">346.678046 FIM</subfield>
    <subfield code="p">002430</subfield>
    <subfield code="r">2025-10-01 11:38:06</subfield>
    <subfield code="t">4</subfield>
    <subfield code="w">2025-10-01</subfield>
    <subfield code="y">BK</subfield>
  </datafield>
  <datafield tag="952" ind1=" " ind2=" ">
    <subfield code="0">0</subfield>
    <subfield code="1">0</subfield>
    <subfield code="4">0</subfield>
    <subfield code="7">0</subfield>
    <subfield code="a">MU002</subfield>
    <subfield code="b">MU002</subfield>
    <subfield code="d">2017-11-01</subfield>
    <subfield code="l">0</subfield>
    <subfield code="o">346.678046 FIM</subfield>
    <subfield code="p">002431</subfield>
    <subfield code="r">2025-10-01 11:38:06</subfield>
    <subfield code="t">5</subfield>
    <subfield code="w">2025-10-01</subfield>
    <subfield code="y">BK</subfield>
  </datafield>
  <datafield tag="952" ind1=" " ind2=" ">
    <subfield code="0">0</subfield>
    <subfield code="1">0</subfield>
    <subfield code="4">0</subfield>
    <subfield code="7">0</subfield>
    <subfield code="a">MU002</subfield>
    <subfield code="b">MU002</subfield>
    <subfield code="d">2017-11-01</subfield>
    <subfield code="l">0</subfield>
    <subfield code="o">346.678046 FIM</subfield>
    <subfield code="p">002432</subfield>
    <subfield code="r">2025-10-01 11:38:06</subfield>
    <subfield code="t">6</subfield>
    <subfield code="w">2025-10-01</subfield>
    <subfield code="y">BK</subfield>
  </datafield>
  <datafield tag="952" ind1=" " ind2=" ">
    <subfield code="0">0</subfield>
    <subfield code="1">0</subfield>
    <subfield code="4">0</subfield>
    <subfield code="7">0</subfield>
    <subfield code="a">MU002</subfield>
    <subfield code="b">MU002</subfield>
    <subfield code="d">2017-11-01</subfield>
    <subfield code="l">0</subfield>
    <subfield code="o">346.678046 FIM</subfield>
    <subfield code="p">002433</subfield>
    <subfield code="r">2025-10-01 11:38:06</subfield>
    <subfield code="t">7</subfield>
    <subfield code="w">2025-10-01</subfield>
    <subfield code="y">BK</subfield>
  </datafield>
  <datafield tag="952" ind1=" " ind2=" ">
    <subfield code="0">0</subfield>
    <subfield code="1">0</subfield>
    <subfield code="4">0</subfield>
    <subfield code="7">0</subfield>
    <subfield code="a">MU002</subfield>
    <subfield code="b">MU002</subfield>
    <subfield code="d">2017-11-01</subfield>
    <subfield code="l">0</subfield>
    <subfield code="o">346.678046 FIM</subfield>
    <subfield code="p">002434</subfield>
    <subfield code="r">2025-10-01 11:38:06</subfield>
    <subfield code="t">8</subfield>
    <subfield code="w">2025-10-01</subfield>
    <subfield code="y">BK</subfield>
  </datafield>
  <datafield tag="952" ind1=" " ind2=" ">
    <subfield code="0">0</subfield>
    <subfield code="1">0</subfield>
    <subfield code="4">0</subfield>
    <subfield code="7">0</subfield>
    <subfield code="a">MU002</subfield>
    <subfield code="b">MU002</subfield>
    <subfield code="d">2017-11-01</subfield>
    <subfield code="l">0</subfield>
    <subfield code="o">346.678046 FIM</subfield>
    <subfield code="p">002435</subfield>
    <subfield code="r">2025-10-01 11:38:06</subfield>
    <subfield code="t">9</subfield>
    <subfield code="w">2025-10-01</subfield>
    <subfield code="y">BK</subfield>
  </datafield>
  <datafield tag="952" ind1=" " ind2=" ">
    <subfield code="0">0</subfield>
    <subfield code="1">0</subfield>
    <subfield code="4">0</subfield>
    <subfield code="7">0</subfield>
    <subfield code="a">MU002</subfield>
    <subfield code="b">MU002</subfield>
    <subfield code="d">2017-11-01</subfield>
    <subfield code="l">0</subfield>
    <subfield code="o">346.678046 FIM</subfield>
    <subfield code="p">002436</subfield>
    <subfield code="r">2025-10-01 11:38:06</subfield>
    <subfield code="t">10</subfield>
    <subfield code="w">2025-10-01</subfield>
    <subfield code="y">BK</subfield>
  </datafield>
  <datafield tag="952" ind1=" " ind2=" ">
    <subfield code="0">0</subfield>
    <subfield code="1">0</subfield>
    <subfield code="4">0</subfield>
    <subfield code="7">0</subfield>
    <subfield code="a">MU002</subfield>
    <subfield code="b">MU002</subfield>
    <subfield code="d">2017-11-01</subfield>
    <subfield code="l">0</subfield>
    <subfield code="o">346.678046 FIM</subfield>
    <subfield code="p">002437</subfield>
    <subfield code="r">2025-10-01 11:38:06</subfield>
    <subfield code="t">11</subfield>
    <subfield code="w">2025-10-01</subfield>
    <subfield code="y">BK</subfield>
  </datafield>
</record>
